[Event "6th Essent op"]
[Site "Hoogeveen NED"]
[Date "2002.10.19"]
[Round "9.2"]
[White "Goloshchapov, Alexander"]
[Black "Dvoirys, Semen I"]
[Result "0-1"]
[WhiteElo "2536"]
[BlackElo "2567"]
[EventDate "2002.10.11"]
[PlyCount "74"]

1.e4 c5 2.Nf3 d6 3.d4 cxd4 4.Nxd4 Nf6 5.Nc3 a6 6.Be3 e5 7.Nb3 Be6 8.f3 
Nbd7 9.Qd2 b5 10.a4 b4 11.Nd5 Bxd5 12.exd5 Nb6 13.Bxb6 Qxb6 14.a5 Qb7 15.
Bc4 Be7 16.Ra4 Rb8 17.Nc1 Bd8 18.Nd3 Bxa5 19.Nc5 dxc5 20.Rxa5 O-O 21.O-O 
Rfd8 22.d6 Ra8 23.Qe3 Rxd6 24.Qxe5 Rc6 25.Rfa1 Re8 26.Qf4 Qe7 27.Bxa6 Nh5 
28.Qd2 Rd6 29.Qf2 Nf4 30.Qxc5 Qd8 31.Bf1 Rd1 32.Ra8 Ne2+ 33.Kh1 Rxf1+ 34.
Rxf1 Qxa8 35.Qxb4 Qb8 36.Qa4 Re6 37.Rd1 Qxh2+ 0-1

[Event "6th Essent op"]
[Site "Hoogeveen NED"]
[Date "2002.10.19"]
[Round "9.4"]
[White "Riazantsev, Alexander"]
[Black "Bezgodov, Alexei"]
[Result "1/2-1/2"]
[WhiteElo "2543"]
[BlackElo "2536"]
[EventDate "2002.10.11"]
[PlyCount "98"]

1.d4 d5 2.c4 e6 3.Nf3 Nf6 4.Nc3 Be7 5.Bg5 h6 6.Bxf6 Bxf6 7.e3 O-O 8.Qd2 a6
9.Rd1 Nc6 10.cxd5 exd5 11.Be2 Bf5 12.O-O Qd6 13.Na4 Rae8 14.Nc5 Nd8 15.b4 
Re7 16.Rc1 Rfe8 17.a4 g5 18.Bd3 Bg4 19.Kh1 c6 20.Ng1 Ne6 21.b5 axb5 22.
axb5 Kg7 23.bxc6 bxc6 24.Rc2 Ra7 25.Rfc1 Nxc5 26.Rxc5 Bd7 27.Ne2 Rea8 28.
Ng3 Ra1 29.Bb1 Kf8 30.Kg1 Be7 31.Bd3 h5 32.Qd1 Rxc1 33.Rxc1 h4 34.Nf5 Qf6 
35.Nxe7 Kxe7 36.h3 Ra2 37.Rc2 Rxc2 38.Qxc2 Qd6 39.Qe2 Qf6 40.Qd2 g4 41.
hxg4 Bxg4 42.Qb4+ Qd6 43.Qe1 Qf6 44.Qb4+ Qd6 45.Qe1 Qf6 46.Qb1 Bd7 47.Qb8 
h3 48.gxh3 Bxh3 49.Qc7+ Bd7 1/2-1/2

[Event "6th Essent op"]
[Site "Hoogeveen NED"]
[Date "2002.10.19"]
[Round "9.5"]
[White "Hort, Vlastimil"]
[Black "Radulski, Yulian"]
[Result "1-0"]
[WhiteElo "2531"]
[BlackElo "2487"]
[EventDate "2002.10.11"]
[PlyCount "81"]

1.e4 e5 2.Nf3 Nc6 3.Bb5 a6 4.Ba4 Nf6 5.O-O Be7 6.Re1 b5 7.Bb3 d6 8.c3 O-O 
9.h3 Na5 10.Bc2 c5 11.d4 Nc6 12.d5 Na5 13.b3 Re8 14.Be3 Bd7 15.Nbd2 Nb7 
16.a4 g6 17.Bd3 Nh5 18.Qc2 Bf6 19.Ra2 Nf4 20.Bf1 Bg7 21.axb5 axb5 22.Rea1 
Rb8 23.g3 Nxh3+ 24.Kh2 Qc8 25.Ra6 h6 26.Bxh3 Bxh3 27.Rc6 Qd7 28.Ng1 Bg4 
29.f3 Bh5 30.g4 Bxg4 31.fxg4 Qxg4 32.Ra7 Bf6 33.Rb6 Bg5 34.Bxg5 hxg5 35.
Nf1 Kg7 36.Ng3 Rh8+ 37.Kg2 Rh1 38.Qf2 Rbh8 39.Qxf7+ Kxf7 40.Rbxb7+ Kf6 41.
Rf7# 1-0

[Event "6th Essent op"]
[Site "Hoogeveen NED"]
[Date "2002.10.19"]
[Round "9.8"]
[White "De Jong, Migchiel"]
[Black "Ionov, Sergey"]
[Result "0-1"]
[WhiteElo "2298"]
[BlackElo "2538"]
[EventDate "2002.10.11"]
[PlyCount "52"]

1.e4 c5 2.Nf3 d6 3.d4 Nf6 4.Nc3 cxd4 5.Nxd4 Nc6 6.Bc4 e6 7.O-O Be7 8.Be3 
O-O 9.a3 a6 10.Ba2 Nxd4 11.Bxd4 b5 12.Qd3 Rb8 13.f4 b4 14.axb4 Rxb4 15.Bb3
Bb7 16.Rae1 e5 17.Bf2 exf4 18.Bh4 Nxe4 19.Bxe7 Qb6+ 20.Kh1 Nf2+ 21.Rxf2 
Qxf2 22.Rg1 f3 23.Nd5 Rxb3 24.Qxb3 fxg2+ 25.Rxg2 Qe1+ 26.Rg1 Qe4+ 0-1

[Event "6th Essent op"]
[Site "Hoogeveen NED"]
[Date "2002.10.19"]
[Round "9.9"]
[White "Cheparinov, Ivan"]
[Black "Schuurman, Petra"]
[Result "1-0"]
[WhiteElo "2473"]
[BlackElo "2274"]
[EventDate "2002.10.11"]
[PlyCount "75"]

1.e4 c5 2.Nf3 Nc6 3.d4 cxd4 4.Nxd4 g6 5.Nc3 Bg7 6.Be3 Nf6 7.Bc4 O-O 8.Bb3 
a5 9.O-O a4 10.Nxa4 Nxe4 11.Nb5 Ra6 12.c4 d6 13.Qe2 Be6 14.Bb6 Rxb6 15.
Nxb6 Qxb6 16.Qxe4 Bxb2 17.Rad1 Bg7 18.Qe2 Ne5 19.c5 Bg4 20.Qxg4 Qxb5 21.
Qe4 dxc5 22.Rb1 c4 23.Bc2 Qa6 24.a4 e6 25.Qxb7 Ra8 26.Qxa6 Rxa6 27.Rb8+ 
Bf8 28.Rc8 Kg7 29.h3 g5 30.Rb1 Bd6 31.Rb5 Kf6 32.a5 Ke7 33.Be4 Kd7 34.Bb7 
Ra7 35.a6 h6 36.Kf1 Bc7 37.Rxc7+ Kxc7 38.Rxe5 1-0

[Event "6th Essent op"]
[Site "Hoogeveen NED"]
[Date "2002.10.19"]
[Round "9.10"]
[White "Visser, Yge"]
[Black "Pel, Bonno"]
[Result "1-0"]
[WhiteElo "2431"]
[BlackElo "2229"]
[EventDate "2002.10.11"]
[PlyCount "87"]

1.e4 d6 2.d4 Nf6 3.Nc3 g6 4.f4 Bg7 5.Nf3 O-O 6.Bd3 Na6 7.O-O c5 8.d5 Rb8 
9.Re1 Nc7 10.a4 e6 11.dxe6 fxe6 12.e5 Nfd5 13.exd6 Qxd6 14.Ne4 Qe7 15.g3 
Nb4 16.Bc4 b6 17.c3 Nc6 18.Qd6 Rd8 19.Qxe7 Nxe7 20.Neg5 Rd6 21.Ne5 Bxe5 
22.fxe5 Rd8 23.Rf1 Ncd5 24.Ne4 Bb7 25.Bg5 Rf8 26.g4 Bc6 27.Bf6 h6 28.b4 
cxb4 29.cxb4 g5 30.b5 Ba8 31.Bxe7 Nxe7 32.Bxe6+ Kg7 33.Nf6 Ng6 34.Nd7 Nf4 
35.Rxf4 gxf4 36.Nxb8 Rxb8 37.Rc1 Re8 38.Rc7+ Kh8 39.Bc4 Bf3 40.e6 Bxg4 41.
Rxa7 Bxe6 42.Bxe6 Rxe6 43.Kf2 Re4 44.a5 1-0

[Event "6th Essent op"]
[Site "Hoogeveen NED"]
[Date "2002.10.19"]
[Round "9.11"]
[White "Prasad, Devaki V"]
[Black "Van Beers, Eddy"]
[Result "1/2-1/2"]
[WhiteElo "2421"]
[BlackElo "2331"]
[EventDate "2002.10.11"]
[PlyCount "105"]

1.d4 f5 2.Nc3 d5 3.Bf4 c6 4.e3 Nf6 5.Nf3 g6 6.Bd3 Bg7 7.O-O O-O 8.Ne2 Be6 
9.Be5 Bf7 10.Nf4 Bh6 11.h4 Nbd7 12.Ng5 Bxg5 13.hxg5 Ng4 14.Qf3 Ngxe5 15.
dxe5 Nxe5 16.Qg3 Qd6 17.Qh4 Nd7 18.Be2 e5 19.Nd3 Rfe8 20.Rad1 Qe7 21.g3 
Nc5 22.Kg2 Nxd3 23.cxd3 d4 24.b3 dxe3 25.fxe3 Rad8 26.Rh1 Bd5+ 27.Bf3 e4 
28.dxe4 Bxe4 29.Bxe4 Qxe4+ 30.Qxe4 fxe4 31.Kf2 Rd5 32.Rxd5 cxd5 33.Rc1 Re7
34.Ke2 Kf7 35.g4 Ke6 36.Rc8 Kd7 37.Rh8 Kc6 38.Kd2 Re5 39.Rxh7 Rxg5 40.Rh4 
Kc5 41.Kc3 a5 42.a3 d4+ 43.exd4+ Kd5 44.a4 b6 45.Rh8 Rxg4 46.Rd8+ Kc6 47.
Kc4 Rg1 48.d5+ Kc7 49.Re8 Rc1+ 50.Kd4 Rd1+ 51.Kc4 Rc1+ 52.Kd4 Rd1+ 53.Kc4 
1/2-1/2

[Event "6th Essent op"]
[Site "Hoogeveen NED"]
[Date "2002.10.19"]
[Round "9.16"]
[White "Berendsen, Richard"]
[Black "Galje, Hans"]
[Result "1/2-1/2"]
[WhiteElo "2249"]
[BlackElo "2125"]
[EventDate "2002.10.11"]
[PlyCount "45"]

1.c4 Nf6 2.g3 c5 3.Nc3 d5 4.cxd5 Nxd5 5.Bg2 Nc7 6.Nf3 Nc6 7.O-O e5 8.Ne1 
Bg4 9.Bxc6+ bxc6 10.d3 Be7 11.Ng2 O-O 12.f3 Be6 13.Qc2 Nb5 14.Be3 Nd4 15.
Qd2 Rb8 16.b3 c4 17.bxc4 Bb4 18.Rfc1 Qa5 19.Kf2 Ba3 20.Rcb1 Bb4 21.Rc1 Ba3
22.Rcb1 Bb4 23.Rc1 1/2-1/2

[Event "6th Essent op"]
[Site "Hoogeveen NED"]
[Date "2002.10.19"]
[Round "9.17"]
[White "Spoelman, Wouter"]
[Black "Van Kooten, Luuk"]
[Result "0-1"]
[WhiteElo "2206"]
[BlackElo "2236"]
[EventDate "2002.10.11"]
[PlyCount "110"]

1.e4 e5 2.Bc4 Nf6 3.d3 Nc6 4.Nc3 Bb4 5.Ne2 d5 6.exd5 Nxd5 7.O-O Be6 8.Ne4 
Be7 9.Bb5 O-O 10.f4 exf4 11.Bxc6 bxc6 12.Nxf4 Nxf4 13.Rxf4 Rb8 14.Kh1 c5 
15.b3 f5 16.Nd2 Bd6 17.Ra4 Bd7 18.Rxa7 Bxh2 19.Nf3 Bg3 20.Be3 Bc6 21.Bxc5 
Rf6 22.Kg1 Rh6 23.Qe2 Qf6 24.d4 Re8 25.Qc4+ Kh8 26.Ra6 Rh1+ 27.Kxh1 Qh6+ 
28.Kg1 Qe3+ 29.Kh1 Bxf3 30.d5 Qd2 31.Qf1 Be4 32.Rd1 Qg5 33.Qe2 Qh4+ 34.Kg1
Qh2+ 35.Kf1 Qh1+ 36.Bg1 Qh4 37.Ra4 Qf4+ 38.Bf2 h6 39.Qe3 Qxe3 40.Bxe3 Bxc2
41.Bf4 Bxf4 42.Rxf4 Bxd1 43.Rxf5 Be2+ 44.Kf2 Bd3 45.Rf7 Re2+ 46.Kf3 Rxa2 
47.Rxc7 Bf1 48.d6 Rd2 49.Rc8+ Kh7 50.Rd8 Bxg2+ 51.Ke3 Rd5 52.b4 Bh3 53.Ke4
Rb5 54.d7 Rxb4+ 55.Ke3 Kg6 0-1

[Event "6th Essent op"]
[Site "Hoogeveen NED"]
[Date "2002.10.19"]
[Round "9.18"]
[White "Archangelsky, Mikhail"]
[Black "Van Geffen, Ben"]
[Result "1/2-1/2"]
[WhiteElo "2370"]
[BlackElo "2129"]
[EventDate "2002.10.11"]
[PlyCount "61"]

1.d4 Nf6 2.Nf3 e6 3.g3 c5 4.Bg2 Nc6 5.O-O Qb6 6.e3 d5 7.b3 cxd4 8.exd4 a5 
9.c4 a4 10.c5 Qa6 11.Nc3 axb3 12.Qxb3 Na5 13.Qb5+ Bd7 14.Qxa6 Rxa6 15.Rb1 
Be7 16.Re1 O-O 17.Ne5 Rd8 18.Bf1 Raa8 19.a4 Be8 20.Bb5 Nc6 21.Bxc6 bxc6 
22.Rb7 Kf8 23.Bg5 h6 24.Bxf6 gxf6 25.Nd3 Rdc8 26.f4 Bd8 27.Reb1 Ba5 28.Nd1
Bc7 29.Nc3 Ba5 30.Nd1 Bc7 31.Nc3 1/2-1/2

[Event "6th Essent op"]
[Site "Hoogeveen NED"]
[Date "2002.10.19"]
[Round "9.19"]
[White "Willemsen, Jos"]
[Black "Span, Paul"]
[Result "0-1"]
[WhiteElo "2263"]
[BlackElo "2295"]
[EventDate "2002.10.11"]
[PlyCount "106"]

1.e4 Nf6 2.e5 Nd5 3.d4 d6 4.Nf3 Bg4 5.Be2 c6 6.O-O Bxf3 7.Bxf3 dxe5 8.dxe5
e6 9.Qe2 Nd7 10.c4 Ne7 11.Bg4 Qc7 12.f4 h5 13.Bh3 g6 14.Be3 Nf5 15.Bxf5 
gxf5 16.Nc3 O-O-O 17.Rad1 h4 18.Kh1 h3 19.g3 Be7 20.Na4 c5 21.Qf3 Nb8 22.
b4 Na6 23.b5 Nb4 24.Qe2 b6 25.a3 Nc6 26.Rxd8+ Rxd8 27.Kg1 Na5 28.Nb2 Qb7 
29.Qf3 Bf8 30.Qxb7+ Kxb7 31.Kf2 Bg7 32.Ke2 f6 33.Bd2 Nb3 34.Bc3 fxe5 35.
fxe5 Nd4+ 36.Bxd4 Rxd4 37.Nd3 Rxc4 38.Kd2 Bh6+ 39.Kd1 Rd4 40.Kc2 c4 41.Nf4
Re4 42.Nxe6 Rxe5 43.Nd4 f4 44.gxf4 Re4 45.Nc6 Rxf4 46.Rg1 Rf2+ 47.Kc3 Rxh2
48.Rg6 Bf4 49.Rg7+ Bc7 50.Rh7 Ra2 51.Kxc4 h2 52.Nd8+ Kc8 53.Ne6 Bg3 0-1

[Event "6th Essent op"]
[Site "Hoogeveen NED"]
[Date "2002.10.19"]
[Round "9.20"]
[White "Van Leent, Dmitri"]
[Black "Dougherty, Michael J"]
[Result "0-1"]
[WhiteElo "2203"]
[BlackElo "2281"]
[EventDate "2002.10.11"]
[PlyCount "118"]

1.c4 Nf6 2.g3 c5 3.Bg2 d5 4.cxd5 Nxd5 5.Nf3 Nc6 6.d4 Bg4 7.Nc3 e6 8.Nxd5 
Qxd5 9.Qa4 c4 10.Nh4 Bb4+ 11.Qxb4 Nxb4 12.Bxd5 exd5 13.Kd1 O-O-O 14.Be3 f6
15.Kd2 g5 16.Ng2 Bf5 17.Rhc1 Kb8 18.Kc3 Nc6 19.Ne1 b5 20.b4 a5 21.a3 axb4+
22.axb4 Kb7 23.Ra3 Ra8 24.Rca1 Rxa3+ 25.Rxa3 h5 26.Nf3 h4 27.gxh4 g4 28.
Ne1 Rxh4 29.Bf4 Be4 30.Ra2 Rh3+ 31.Bg3 Rh8 32.Bf4 Re8 33.Bg3 Bb1 34.Rb2 
Be4 35.Ra2 Bh1 36.Bh4 Re6 37.Rb2 Ne7 38.Ra2 Ng6 39.Bg3 f5 40.f3 Re3+ 41.
Kd2 Rb3 42.fxg4 fxg4 43.Bd6 Be4 44.Nc2 Nh4 45.Bc5 Nf5 46.Ra7+ Kc6 47.Ra2 
c3+ 48.Kc1 Kd7 49.Ra3 Rxa3 50.Nxa3 Kc6 51.Nb1 Bxb1 52.Kxb1 Ne3 53.Be7 Kd7 
54.Bg5 Nf1 55.Kc2 Ke6 56.e4 dxe4 57.Kxc3 Nxh2 58.Be3 g3 59.Bf4 Nf1 0-1

[Event "6th Essent op"]
[Site "Hoogeveen NED"]
[Date "2002.10.19"]
[Round "9.21"]
[White "Timmermans, Ivo"]
[Black "Sawadkuhi, Massoud Amir"]
[Result "1-0"]
[WhiteElo "2180"]
[BlackElo "2263"]
[EventDate "2002.10.11"]
[PlyCount "45"]

1.e4 c5 2.Nf3 d6 3.d4 cxd4 4.Nxd4 Nf6 5.Nc3 a6 6.Bg5 Nbd7 7.Bc4 Qa5 8.Qd2 
e6 9.O-O-O b5 10.Bd5 b4 11.Bxa8 bxc3 12.bxc3 Nb6 13.Nb3 Qa4 14.Qd4 Qb5 15.
Bxf6 gxf6 16.Qxf6 Rg8 17.Nd4 Qc5 18.Bc6+ Bd7 19.Nxe6 Qa3+ 20.Kb1 Be7 21.
Bxd7+ Kxd7 22.Qd4 Na4 23.Qxa4+ 1-0

[Event "6th Essent op"]
[Site "Hoogeveen NED"]
[Date "2002.10.19"]
[Round "9.22"]
[White "Hulshof, Peter"]
[Black "Lahaye, Rick"]
[Result "0-1"]
[WhiteElo "2223"]
[BlackElo "2195"]
[EventDate "2002.10.11"]
[PlyCount "64"]

1.e4 c5 2.Nc3 Nc6 3.g3 g6 4.Bg2 Bg7 5.d3 Rb8 6.Be3 b5 7.Qd2 d6 8.Nf3 h5 9.
d4 cxd4 10.Nxd4 Ne5 11.b3 Bd7 12.h3 Qc8 13.f4 Nc6 14.Nxc6 Bxc6 15.Bd4 Nf6 
16.Nd5 Qb7 17.Nxf6+ exf6 18.O-O O-O 19.f5 Bxe4 20.fxg6 fxg6 21.Bxe4 Qxe4 
22.Bxa7 Rbc8 23.Rf2 Qe5 24.Bd4 Qxg3+ 25.Rg2 Qh4 26.Rxg6 Rxc2 27.Qe3 Kf7 
28.Rxg7+ Kxg7 29.Rf1 Re8 30.Rxf6 Rxe3 31.Rf4+ Kg6 32.Rxh4 Re1# 0-1

[Event "6th Essent op"]
[Site "Hoogeveen NED"]
[Date "2002.10.19"]
[Round "9.23"]
[White "Ahlers, Ben"]
[Black "Van der Veen, Jan"]
[Result "1-0"]
[WhiteElo "2209"]
[BlackElo "2135"]
[EventDate "2002.10.11"]
[PlyCount "54"]

1.d4 Nf6 2.c4 g6 3.Nc3 Bg7 4.e4 d6 5.Nge2 O-O 6.Ng3 c6 7.Be2 d5 8.e5 Ne8 
9.cxd5 cxd5 10.Be3 Nc6 11.Qd2 f6 12.exf6 Nxf6 13.h3 e5 14.dxe5 Nxe5 15.Rd1
Be6 16.b3 Nc6 17.Nb5 Ne4 18.Nxe4 dxe4 19.Qc2 Qa5+ 20.Bd2 Qb6 21.O-O Nd4 
22.Nxd4 Bxd4 23.Qxe4 Bxf2+ 24.Kh1 Rad8 25.Bh6 Rxd1 26.Rxd1 Rf7 27.Bc4 Re7 
1-0

[Event "6th Essent op"]
[Site "Hoogeveen NED"]
[Date "2002.10.19"]
[Round "9.25"]
[White "Hamelink, Desiree"]
[Black "Van Weersel, Arlette"]
[Result "1-0"]
[WhiteElo "2188"]
[BlackElo "2093"]
[EventDate "2002.10.11"]
[PlyCount "89"]

1.e4 e5 2.Nf3 Nc6 3.d4 exd4 4.Nxd4 Bc5 5.Nxc6 Qf6 6.Qd2 dxc6 7.Nc3 Be6 8.
Na4 Rd8 9.Bd3 Bd4 10.O-O b5 11.Nc3 Ne7 12.Kh1 Bxc3 13.bxc3 c5 14.Qe3 c4 
15.Be2 O-O 16.f4 Nc6 17.Bf3 Qe7 18.a4 b4 19.cxb4 Nxb4 20.Qc3 f6 21.Be3 c5 
22.Rfe1 Bf7 23.Rab1 Nc6 24.e5 Nd4 25.Rb7 Qe6 26.Bg1 Qf5 27.Be4 Qxf4 28.
exf6 Qxf6 29.Qh3 h6 30.c3 Nb3 31.Rxa7 Nd2 32.Bc2 Rfe8 33.Rxe8+ Rxe8 34.Qd7
Nf3 35.Qxf7+ Qxf7 36.Rxf7 Nxg1 37.Rf1 Ne2 38.Bg6 Rf8 39.Bh7+ Kxh7 40.Rxf8 
Nxc3 41.a5 Na4 42.a6 c3 43.Rf2 Kg6 44.a7 Nb6 45.Rc2 1-0

[Event "6th Essent op"]
[Site "Hoogeveen NED"]
[Date "2002.10.19"]
[Round "9.26"]
[White "Meis, Eric"]
[Black "Rooda, Kai P"]
[Result "1/2-1/2"]
[WhiteElo "2113"]
[BlackElo "2156"]
[EventDate "2002.10.11"]
[PlyCount "105"]

1.e4 Nc6 2.Nf3 e5 3.Bc4 Bc5 4.O-O Nf6 5.d3 d6 6.c3 O-O 7.a4 a5 8.h3 h6 9.
Qe2 Be6 10.Bxe6 fxe6 11.Be3 Bxe3 12.Qxe3 Nh5 13.Nbd2 Qf6 14.Rad1 Kh7 15.d4
Nf4 16.Kh2 Rf7 17.dxe5 Nxe5 18.Nxe5 Qxe5 19.g3 Ng6 20.f4 Qf6 21.Rf2 b6 22.
Rdf1 Raf8 23.Kg2 Kh8 24.Nf3 Qe7 25.Qd3 Rxf4 26.Kg1 R4f6 27.h4 Rd8 28.h5 
Ne5 29.Nxe5 dxe5 30.Qe2 Rxf2 31.Rxf2 Qg5 32.Kg2 Kh7 33.Kh2 Kg8 34.Kg2 Rf8 
35.Rxf8+ Kxf8 36.Qf3+ Ke8 37.Qe2 Kf7 38.Qf1+ Ke7 39.Qe2 Qc1 40.Kh2 Qg5 41.
Kg2 Kf7 42.Qf1+ Kg8 43.Qe2 Qe7 44.Qb5 Qg5 45.Qe2 Kh7 46.Kh2 g6 47.hxg6+ 
Kxg6 48.Qc4 Qd2+ 49.Kh3 Qd7 50.b3 Kg5 51.Qe2 Qh7 52.Qg4+ Kf6 53.Qh4+ 
1/2-1/2

[Event "6th Essent op"]
[Site "Hoogeveen NED"]
[Date "2002.10.19"]
[Round "9.30"]
[White "Hendriks, Richard V"]
[Black "Naalden, Marc"]
[Result "0-1"]
[WhiteElo "2140"]
[BlackElo "2108"]
[EventDate "2002.10.11"]
[PlyCount "48"]

1.e4 e6 2.d4 d5 3.Nc3 Nf6 4.e5 Ne4 5.Nxe4 dxe4 6.Bb5+ Bd7 7.Bxd7+ Nxd7 8.
Ne2 c5 9.c3 cxd4 10.cxd4 Bb4+ 11.Bd2 Bxd2+ 12.Qxd2 O-O 13.Rd1 f5 14.exf6 
Nxf6 15.O-O Qd5 16.a3 Rad8 17.Ng3 e5 18.Nf5 Qf7 19.Qg5 Kh8 20.Qh4 Nd5 21.
Ng3 Nf4 22.Nxe4 Rxd4 23.Rxd4 exd4 24.g3 Ne2+ 0-1